| 000 | 00462nam a2200181Ia 4500 | ||
|---|---|---|---|
| 008 | 240925s9999 xx 000 0 und d | ||
| 020 | _a70286809 | ||
| 082 | _a388.3221 HIC | ||
| 100 | _aHickerson ,Thomas F. | ||
| 245 | 0 | _aRoute Location and Design | |
| 250 | _a5th | ||
| 260 |
_aNew York: _bMcGraw-Hill _c,1964. |
||
| 300 |
_axviii,987p. _bNA _fOriginal |
||
| 500 | _aIncludes Index | ||
| 600 | _aSocial Sciences | ||
| 650 | _aSocial Sciences | ||
| 942 | _cBK | ||
| 999 |
_c3773 _d3773 |
||